| 000 | 01296nam a2200349Ia 4500 | ||
|---|---|---|---|
| 001 | Z_6346 | ||
| 003 | CHAP | ||
| 005 | 20231011143107.0 | ||
| 008 | 220113s2012 xx 000 0 und d | ||
| 010 | _a169602 | ||
| 040 | _cCHAP | ||
| 090 | _aTesis G37 2233 | ||
| 100 |
_aGarduño Juárez, José Roberto _9144514 |
||
| 245 |
_aEfecto de suplementar vitamina E, R-carnitina y taninos en el comportamiento productivo de ganado bovino en finalización / _cJosé Roberto Garduño Juárez y Elena Ponce Cruz |
||
| 260 |
_aMéxico : _b, _c2012 |
||
| 300 | _a52 p. | ||
| 502 | _aTesis ( Ingeniero Agrónomo Especialista en Zootecnia )--UACh,2012 \ Dirección: Gilberto Aranda Osorio; asesoría: Juan Carlos García Ortiz y Omar Hernández Mendo | ||
| 650 |
_aAditivos _9144515 |
||
| 650 |
_aDesempeño productivo _9144516 |
||
| 650 |
_aGanado bovino _9138033 |
||
| 650 |
_aToretes _9144517 |
||
| 700 |
_a Aranda Osorio, Gilberto, director _9142804 |
||
| 700 |
_a García Ortiz, Juan Carlos, asesor _9144518 |
||
| 700 |
_a Hernández Mendo, Omar, asesor _9139224 |
||
| 700 |
_aPonce Cruz, Elena, coaut. _9144519 |
||
| 856 | 4 | 2 |
_uhttp://10.13.5.2/tesis/115176.pdf _yDescargar PDF |
| 901 | _aTESIS G37 2233 | ||
| 902 | _aM | ||
| 910 | _a2012 | ||
| 942 |
_c2 _2ddc |
||
| 942 |
_c2 _2ddc |
||
| 999 |
_c169602 _d169602 |
||